| 000 | 00874cam a2200277 4500 | ||
|---|---|---|---|
| 001 | M1983 | ||
| 008 | 090401t1994 xxu||||| |||| 00| 0 eng d | ||
| 035 | _a(Sirsi) u35798 | ||
| 041 | _aeng | ||
| 050 | _a913.031 | ||
| 090 | _aRICS 1994/100A | ||
| 100 | _aHammerson, Michael | ||
| 245 | _aDevelopment and archaeology: an introduction. | ||
| 260 |
_aLondon _bRICS _c1994 |
||
| 300 | _a(8)p. : ill. ; 30cm. | ||
| 350 | _a0 | ||
| 490 |
_aRICS Building Conservation Note _v3 |
||
| 520 | _aPublished in Building Conservation Newsletter (10) Summer 1994. Prepared by the Building Conservation Skills Panel. | ||
| 650 | _aARCHAEOLOGICAL SITES | ||
| 650 | _aBUILDING CONSERVATION SKILLS PANEL | ||
| 650 | _aDEVELOPMENT PLANS | ||
| 690 | _aPLANNING LAW AND PRACTICE | ||
| 710 |
_aRoyal Institution of Chartered Surveyors _94900 |
||
| 942 | _n0 | ||
| 948 | _c04/03/1997 | ||
| 999 |
_c90150 _d90150 |
||